London Tube stations with 3 or more lines - Statistics

General Stats
  • This quiz has been taken 345 times
    243 since last reset
  • The average score is 15 of 23
Answer Stats
Lines Station % Correct
Circle
Hammersmith & City
Metropolitan Northern Victoria
King's Cross St. Pancras
95%
BakerlooJubilee Waterloo & City Waterloo
91%
CentralNorthern Waterloo & City Bank
88%
CircleDistrict Victoria Victoria
85%
CentralCircle
Hammersmith & City Metropolitan
Liverpool Street
84%
BakerlooCircle District Hammersmith & City Paddington
84%
BakerlooCentral Victoria Oxford Circus
82%
BakerlooCircle Hammersmith & City Jubilee Metropolitan Baker Street
81%
BakerlooCircle District Northern Embankment
72%
JubileePiccadilly Victoria Green Park
71%
CircleDistrict Hammersmith & City Piccadilly Hammersmith
71%
Circle Hammersmith & City Metropolitan Farringdon
68%
CircleDistrict Jubilee Westminster
67%
Circle Hammersmith & City Metropolitan Northern Moorgate
64%
Circle Hammersmith & City Metropolitan Barbican
60%
Circle Hammersmith & City Metropolitan Euston Square
60%
CentralCircle District Notting Hill Gate
57%
Circle Hammersmith & City Metropolitan Great Portland Street
55%
CircleDistrict Hammersmith & City Edgware Road
53%
CentralDistrict Piccadilly South Kensington
46%
DistrictHammersmith & City Jubilee West Ham
41%
CentralDistrict Hammersmith & City Mile End
39%
CentralDistrict Piccadilly Gloucester Road
31%
No matching quizzes found
Score Distribution
Percent of People with Each Score
Percentile by Number Answered
Your Score History
You have not taken this quiz since the last reset